| 000 | 00863cam a2200241 4500 | ||
|---|---|---|---|
| 001 | ABS61604 | ||
| 008 | 000000n1999 000 0 eng u | ||
| 035 | _a(Sirsi) u102884 | ||
| 100 | _aScott, G. | ||
| 245 | _aGreen conundrum | ||
| 260 | _c1999 | ||
| 490 |
_aHouse Builder _v68(11) November 1999, 19(1) |
||
| 520 | _aAssesses the impact of the case "R v Oxfordshire CC ex parte Sunningwell Parish Council, which related to the registering of land as a village green. Discusses steps which developers can take to avoid being caught in the same situation. | ||
| 590 | _aABS | ||
| 650 | _aR V OXFORDSHIRE CC AND ANOTHER EX P SUNNINGWELL PARISH COUNCIL | ||
| 650 | _aVILLAGE GREENS | ||
| 650 | _aHOUSING DEVELOPMENT | ||
| 650 | _aDEVELOPERS | ||
| 650 | _aRECREATIONAL USE | ||
| 650 | _aTRESPASS | ||
| 690 | _aPROPERTY LAW AND PRACTICE | ||
| 942 | _n0 | ||
| 999 |
_c61838 _d61838 |
||